Temas de direito constitucional / (Record no. 575)

MARC details
000 -LÍDER
Campo Fixo de Controle 00721nam a2200253 a 4500
001 - NÚMERO DE CONTROLE
Campo de Controle 575
003 - IDENTIFICAÇÃO DO NÚMERO DE CONTROLE
Campo de Controle BR-CuiBMT
005 - DATA E HORA DA ÚLTIMA ATUALIZAÇÃO
Campo de Controle 20231109203350.0
008 - DADOS FIXOS
Dados Fixos 231109s2014 mgb 001 0 por d
020 ## - INTERNATIONAL STANDARD BOOK NUMBER
Nº do ISBN 9788577008100
040 ## - AGÊNCIA CATALOGADORA
Código da Agência Catalogadora BR-CuiBMT
Agência que transcreveu o registro BR-CuiBMT
080 ## - Nº DA CLASSIFICAÇÃO DECIMAL UNIVERSAL
Nº edição CDU 2007
Nº Class. CDU 342
090 ## - NÚMERO DE CHAMADA
Nº classificação 342
Cutter C649t
Ano/Edição 2. ed.
100 1# - ENTRADA PRINCIPAL -- AUTOR PESSOAL
Nome pessoal Clève, Clèmerson Merlin
Datas associadas ao nome 1958-
245 10 - TÍTULO PRINCIPAL
Título principal Temas de direito constitucional /
Indicação de responsabilidade Clèmerson Merlin Clève.
250 ## - EDIÇÃO
Edição 2. ed., rev., atual. e ampl.
260 ## - PUBLICAÇÃO, DISTRIBUIÇÃO, ETC.
Local de publicação Belo Horizonte :
Editora Fórum,
Data 2014.
300 ## - DESCRIÇÃO FÍSICA
N. páginas ou volumes 503 p. :
Dimensões 25 cm
504 ## - NOTA DE BIBLIOGRAFIA, ETC.
Nota de bibliografia Inclui bibliografia.
650 ## - ASSUNTO TÓPICO
Cabeçalho tópico ou nome geográfico Direito constitucional
650 ## - ASSUNTO TÓPICO
Cabeçalho tópico ou nome geográfico Direito público
650 ## - ASSUNTO TÓPICO
Cabeçalho tópico ou nome geográfico Filosofia jurídica
942 ## - ELEMENTOS DE ENTRADA ADICIONAIS (KOHA)
Fonte de classificação ou esquema de arquivamento Classificação Decimal Universal
Tipo de item do Koha Livros
Holdings
Estado: removido Estado: perdido Fonte de classificação ou esquema de arquivamento Estado: danificado Indisponível para empréstimo Localização permanente Localização atual Data de aquisição Total Checkouts Número de Chamada completo Código de barras Date last seen Número do exemplar Preço efetivo a partir de Tipo de item (Koha)
    Classificação Decimal Universal     Biblioteca da Escola Superior de Contas do TCE/MT Biblioteca da Escola Superior de Contas do TCE/MT 09/11/2023   342 C635t 2. ed. BIBTCEMT23110378 09/11/2023 Ex. 1 09/11/2023 Livros
    Classificação Decimal Universal     Biblioteca da Escola Superior de Contas do TCE/MT Biblioteca da Escola Superior de Contas do TCE/MT 16/11/2023   342 C635t 2. ed. BIBTCEMT23110613 16/11/2023 Ex. 2 16/11/2023 Livros

Powered by Koha